000 00749nam a2200229Ia 4500
003 OSt
005 20220918105515.0
006 a|||||r|||| 00| 0
007 ta
008 220915b |||||||| |||| 00| 0 hin d
024 _a209004
037 _cReference Collections
040 _aARTS
_cARTS
_bhin
041 _2hin
_ahin
082 _aP32:4k, 152J((RR)
100 _aआयर, विश्वनाथ एन0 ई0
_91800
245 0 _aमलयालम हिन्दी व्यावहारिक कोश
246 _aMalayālam hindī vyāvahārik kosha
260 _c1973
942 _hP32:4k, 152J((RR)
_cREF
999 _c107679
_d107679